书目信息 |
| 题名: |
新形势下意识形态相关问题研究
|
|
| 作者: | 冯刚 主编 | |
| 分册: | ||
| 出版信息: | 北京 光明日报出版社 2014 |
|
| 页数: | 230页 | |
| 开本: | 24cm | |
| 丛书名: | ||
| 单 册: | ||
| 中图分类: | A811.63 | |
| 科图分类: | ||
| 主题词: | 马克思主义--意识形态--研究 | |
| 电子资源: | ||
| ISBN: | 978-7-5112-6351-3 | |
| 000 | 00957nam0 2200229 450 | |
| 001 | 339541 | |
| 005 | 20150608160715.35 | |
| 010 | @a978-7-5112-6351-3@dCNY45.00 | |
| 100 | @a20141127d2014 em y0chiy50 ea | |
| 101 | 0 | @achi |
| 102 | @aCN@b110000 | |
| 105 | @ay z 000yy | |
| 106 | @ar | |
| 200 | 1 | @a新形势下意识形态相关问题研究@Axin xing shi xia yi shi xing tai xiang guan wen ti yan jiu@f冯刚主编 |
| 210 | @a北京@c光明日报出版社@d2014 | |
| 215 | @a230页@d24cm | |
| 330 | @a本书主要开展了新形势下意识形态的相关问题研究, 具体集中在: 如何正确认识和深刻理解加强意识形态工作的重要性和紧迫性, 新形势下经济全球化、文化多元化以及信息网络技术快速发展带来的意识形态领域的新问题和新挑战, 如何正确处理主流意识形态与非主流意识形态的关系, 如何加强党对意识形态工作的领导权等问题。 | |
| 606 | 0 | @a马克思主义@x意识形态@x研究 |
| 690 | @aA811.63@v5 | |
| 701 | 0 | @a冯刚@Afeng gang@c(思想政治)@4主编 |
| 801 | 0 | @aCN@b卓展宏图@c20150525 |
| 905 | @dA811.63@e249@f4 | |
| 新形势下意识形态相关问题研究/冯刚主编.-北京:光明日报出版社,2014 |
| 230页;24cm |
| ISBN 978-7-5112-6351-3:CNY45.00 |
| 本书主要开展了新形势下意识形态的相关问题研究, 具体集中在: 如何正确认识和深刻理解加强意识形态工作的重要性和紧迫性, 新形势下经济全球化、文化多元化以及信息网络技术快速发展带来的意识形态领域的新问题和新挑战, 如何正确处理主流意识形态与非主流意识形态的关系, 如何加强党对意识形态工作的领导权等问题。 |
| ● |
| 相关链接 |
|
|
|
|
正题名:新形势下意识形态相关问题研究
索取号:A811.63/249
 
预约/预借
| 序号 | 登录号 | 条形码 | 馆藏地/架位号 | 状态 | 备注 |
| 1 | 863070 | 208630702 | 第一样本阅览室/ [索取号:A811.63/249] | 在馆 | |
| 2 | 863071 | 208630711 | 第一借阅区/ [索取号:A811.63/249] | 在馆 | |
| 3 | 863072 | 208630720 | 第一借阅区/ [索取号:A811.63/249] | 在馆 | |
| 4 | 863073 | 208630739 | 第一借阅区/ [索取号:A811.63/249] | 在馆 |